000 00662nam a2200217 a 4500
001 000009522
005 20250129172122.0
008 090930s1999 dr 000 p spa d
040 _aDO-SdBNP
082 _aRD861.44
_bA277c
100 1 _aAgramonte, Carlos,
_d1954-
_9858
245 1 3 _aLa cotidianidad del tiempo /
_cCarlos Agramonte.
260 _aSanto Domingo :
_bUniversitaria,
_c1999.
300 _a147 p. : ;
_c22 cm.
490 1 _aLiteratura y sociedad
_v27
500 _aIncluye datos biográficos del autor
650 0 _aPoesía dominicana
_966
650 0 _aLiteratura dominicana.
_967
830 0 _aLiteratura y sociedad
_v27
_912032
049 _aBNPD
999 _c9282
_d9282